| 000 | 00762nam a22002057a 4500 | ||
|---|---|---|---|
| 999 |
_c9609 _d9609 |
||
| 008 | 180711b ||||| |||| 00| 0 eng d | ||
| 020 | _a0-15-335044-X | ||
| 082 |
_21985 _aDC 810.8 _bH66 |
||
| 100 |
_928537 _aHodgins, Francis |
||
| 245 |
_aAdventures in american literature / _cFrancis Hodgins, Kenneth Silverman |
||
| 250 | _aRevised Edition | ||
| 260 |
_aUnited States of America _bHarcourt Brace Jovanovich _c1985 |
||
| 300 |
_axvi, 983 pages: _billustrations; _c23 cm. |
||
| 500 | _aIncludes glossary and index. | ||
| 650 | 0 |
_928538 _aLiterature -- Study and teaching (Secondary) |
|
| 650 | 0 |
_928539 _aAmerican literature -- Study and teaching (Secondary) |
|
| 650 | 0 |
_928540 _aReading (Secondary) |
|
| 700 |
_928541 _aSilverman, Kenneth |
||
| 942 |
_2ddc _cDC |
||